| 000 | 00394nam a2200145Ia 4500 | ||
|---|---|---|---|
| 008 | 240624s9999 xx 000 0 und d | ||
| 041 | _aeng | ||
| 082 | _a650.14 BEL | ||
| 100 | _aBELDING SHAUN | ||
| 245 | _aWIN AT WORK NAVIGATE THE NASTIES GET THI | ||
| 250 | _a11 | ||
| 260 |
_c2010 _aNew Delhi _bKogan Page India Private limited |
||
| 300 | _avi, : 183 : p. : cm. ; 21 | ||
| 365 |
_cRS _b33.5 |
||
| 999 |
_c18023 _d18023 |
||